A Practical Guide To English Grammar (Record no. 5089)

MARC details
000 -LEADER
fixed length control field 00404nam a22001697a 4500
005 - DATE AND TIME OF LATEST TRANSACTION
control field 20210906114646.0
008 - FIXED-LENGTH DATA ELEMENTS--GENERAL INFORMATION
fixed length control field 160701b xxu||||| |||| 00| 0 eng d
020 ## - INTERNATIONAL STANDARD BOOK NUMBER
ISBN 978-81-7709-447-0
041 ## - LANGUAGE CODE
Language code of text/sound track or separate title eng
082 ## - DEWEY DECIMAL CLASSIFICATION NUMBER
Item number 20507
100 ## - MAIN ENTRY--AUTHOR NAME
Personal name Thakur K P
245 ## - TITLE STATEMENT
Title A Practical Guide To English Grammar
260 ## - PUBLICATION, DISTRIBUTION, ETC. (IMPRINT)
Name of publisher Bharti bhawan
Year of publication 2015
300 ## - PHYSICAL DESCRIPTION
Number of Pages 650
650 ## - SUBJECT ADDED ENTRY--TOPICAL TERM
Topical Term Management
942 ## - ADDED ENTRY ELEMENTS (KOHA)
Koha item type Books
Holdings
Lost status Damaged status Collection code Home library Current library Shelving location Date acquired Cost, normal purchase price Full call number Accession Number Koha item type
    ENGLISH JRU Library JRU Library SHELF-102-A 01/07/2016 230.00 20507 20507 Books
    LIFE SKILL JRU Library JRU Library SHELF-44-C 01/07/2016 230.00 20507 20508 Books
      JRU Library JRU Library Shelf - 12 - H 01/07/2016 230.00 20507 20509 Books
    LIFE SKILL JRU Library JRU Library SHELF-44-C 01/07/2016 230.00 20507 20510 Books
    LIFE SKILL JRU Library JRU Library SHELF-44-C 01/07/2016 230.00 20507 20511 Books
    LIFE SKILL JRU Library JRU Library SHELF-44-C 01/07/2016 230.00 20507 20512 Books
    LIFE SKILL JRU Library JRU Library SHELF-44-C 01/07/2016 230.00 20507 20513 Books
    LIFE SKILL JRU Library JRU Library SHELF-44-C 01/07/2016 230.00 20507 20514 Books
    LIFE SKILL JRU Library JRU Library SHELF-44-C 01/07/2016 230.00 20507 20515 Books
    LIFE SKILL JRU Library JRU Library SHELF-44-C 01/07/2016 230.00 20507 20516 Books
      JRU Library     01/07/2016 230.00 20507 20517 Books
    ENGLISH JRU Library JRU Library SHELF-102-A 01/07/2016 230.00 20507 20518 Books
    ENGLISH JRU Library JRU Library SHELF-102-A 01/07/2016 230.00 20507 20519 Books
    ENGLISH JRU Library JRU Library SHELF-102-A 01/07/2016 230.00 20507 20520 Books
    ENGLISH JRU Library JRU Library SHELF-102-A 01/07/2016 230.00 20507 20521 Books
    ENGLISH JRU Library JRU Library SHELF-102-A 01/07/2016 230.00 20507 20522 Books
    ENGLISH JRU Library JRU Library SHELF-102-A 01/07/2016 230.00 20507 20523 Books
    ENGLISH JRU Library JRU Library SHELF-102-A 01/07/2016 230.00 20507 20524 Books
    ENGLISH JRU Library JRU Library SHELF-102-A 01/07/2016 230.00 20507 20525 Books
    ENGLISH JRU Library JRU Library SHELF-102-A 01/07/2016 230.00 20507 20526 Books
    ENGLISH JRU Library JRU Library SHELF-102-A 01/07/2016 230.00 20507 20527 Books
    ENGLISH JRU Library JRU Library SHELF-102-A 01/07/2016 230.00 20507 20528 Books
    ENGLISH JRU Library JRU Library SHELF-102-A 01/07/2016 230.00 20507 20529 Books
    ENGLISH JRU Library JRU Library SHELF-102-A 01/07/2016 230.00 20507 20530 Books
    ENGLISH JRU Library JRU Library SHELF-102-A 01/07/2016 230.00 20507 20531 Books
    ENGLISH JRU Library   SHELF-102-A 01/07/2016 230.00 20507 20532 Books
    ENGLISH JRU Library JRU Library SHELF-102-A 01/07/2016 230.00 20507 20533 Books
    ENGLISH JRU Library   SHELF-102-A 01/07/2016 230.00 20507 20534 Books
    ENGLISH JRU Library JRU Library SHELF-102-A 01/07/2016 230.00 20507 20535 Books
    ENGLISH JRU Library JRU Library SHELF-102-A 01/07/2016 230.00 20507 20536 Books